书目信息 |
| 题名: |
浪漫旗手:雨果
|
|
| 作者: | 李胡臣 , 周音 编著 | |
| 分册: | ||
| 出版信息: | 西安 太白文艺出版社 1998.04 |
|
| 页数: | 243页 | |
| 开本: | 32开 | |
| 丛书名: | ||
| 单 册: | ||
| 中图分类: | K835.656 | |
| 科图分类: | ||
| 主题词: | 历史 , 地理 | |
| 电子资源: | ||
| ISBN: | 7-80605-566-5 | |
| 000 | 00607nam0 2200217 45 | |
| 001 | 0011071927 | |
| 005 | 20001107191914.6 | |
| 010 | @a7-80605-566-5@d9.90元 | |
| 100 | @a20001107d1998 km y0chiy0120 ea | |
| 101 | 0 | @achi |
| 105 | @a z 000yy | |
| 200 | 1 | @a浪漫旗手:雨果@ALang Man Qi Shou:Yu Guo@f李胡臣,周音编著@FLi Hu Chen,Zhou Yin Bian Zhu |
| 210 | @a西安@c太白文艺出版社@d1998.04 | |
| 215 | @a243页@d32开 | |
| 606 | 0 | @a历史 |
| 606 | 0 | @a地理 |
| 690 | @aK835.656@v3 | |
| 701 | 0 | @a李胡臣@4编著 |
| 701 | 0 | @a周音@4编著 |
| 801 | @aCN@bPftUser@c20001107 | |
| 905 | @b211800-804@dK835.656@eL088/1@f5 | |
| 浪漫旗手:雨果/李胡臣,周音编著.-西安:太白文艺出版社,1998.04 |
| 243页;32开 |
| ISBN 7-80605-566-5:9.90元 |
| ● |
| 相关链接 |
|
|
|
正题名:浪漫旗手:雨果
索取号:K835.656/L088/1
 
预约/预借
| 序号 | 登录号 | 条形码 | 馆藏地/架位号 | 状态 | 备注 |
| 1 | 211800 | 202118001 | 社科库309/400A自科库 18排1列5层/ [索取号:K835.656/L088/1] | 在馆 | |
| 2 | 211801 | 202118010 | 社科库309/400A自科库 18排1列5层/ [索取号:K835.656/L088/1] | 在馆 | |
| 3 | 211802 | 202118029 | 社科库309/400A自科库 18排1列5层/ [索取号:K835.656/L088/1] | 在馆 | |
| 4 | 211803 | 202118038 | 社科库309/309社科库 1排4列6层/ [索取号:K835.656/L088/1] | 在馆 | |
| 5 | 211804 | 202118047 | 社科库309/309社科库 1排4列6层/ [索取号:K835.656/L088/1] | 在馆 |